000 00399nam a2200133Ia 4500
008 151001s9999||||xx |||||||||||||| ||und||
100 _aसोपान गाडे
245 _aमहाराष्ट्रातील महिलाराज
250 _a1
260 _bआविस्कार पब्लिशर्स
260 _c2008
300 _a216
365 _b21
999 _c992155
_d992152